00496 2200169 4500245004900000020002200049250001100071100001600082650002000098005001900118260002600137041001400163084000800177300002300185500010900208336000900317 aAir Mata Malaikat KecilkucTasya HanumhText a978-602-6409-28-7 aCet. 1 aTasya Hanum aNovel Indonesia a20231006140659 aJakartabNuansac2017 aIndonesia a813 a194 hlm. :c19 cm. atangisan anak sering kali tak terduga demi sebuah kebahagiaan yang dia butuhkan tampa pernah kita sangka atext